LEADER 01124cam0-22003251i-450- 001 990007843970403321 005 20120411114218.0 010 $a88-14-08477-7 035 $a000784397 035 $aFED01000784397 035 $a(Aleph)000784397FED01 035 $a000784397 100 $a20120411d2001----km-y0itay50------ba 101 0 $aita 102 $aIT 105 $ay-------001yy 200 1 $a<>riforma delle politiche agrarie dell'Unione europea$eatti del Convegno dell'Universita, Laboratorio Ghino Valenti$eMacerata, 18 giugno 1999$fa cura di Francesco Adornato 210 $aMilano$cA. Giuffre$d2001 215 $aXLII, 153 p.$d24 cm 225 1 $aPubblicazioni della Facoltà di scienze politiche$fUniversità di Macerata$v11 610 0 $aComunità europea$aPolitica agraria$aCongressi$a1999 676 $a338.181094$v21$zita 702 1$aAdornato,$bFrancesco$f<1952- > 801 0$aIT$bUNINA$gREICAT$2UNIMARC 901 $aBK 912 $a990007843970403321 952 $aQ 481$b2547$fDSI 959 $aDSI 996 $aRiforma delle politiche agrarie dell'Unione europea$9671836 997 $aUNINA LEADER 01492nam 2200481 450 001 9910795804503321 005 20200520144314.0 010 0 $a111884601X 010 0 $a9781118846018 035 $a(MiAaPQ)EBC7104135 035 $a(CKB)24989758100041 035 $a(MiAaPQ)EBC1895655 035 $a(MiAaPQ)EBC4039204 035 $a(Au-PeEL)EBL1895655 035 $a(CaPaEBR)ebr11030124 035 $a(OCoLC)885026865 035 $a(EXLCZ)9924989758100041 100 $a20150317h20152015 uy 0 101 0 $aeng 135 $aur||||||||||| 181 $2rdacontent 182 $2rdamedia 183 $2rdacarrier 200 10$aConstruction project scheduling and control /$fSaleh Mubarak 205 $aThird edition. 210 1$aHoboken, New Jersey :$cWiley,$d2015. 210 4$d2015 215 $a1 online resource (530 pages) $cillustrations (some color), charts, photographs 320 $aIncludes bibliographical references and index. 606 $aBuilding$xSuperintendence 606 $aConstruction industry$xManagement 606 $aProduction scheduling 615 0$aBuilding$xSuperintendence. 615 0$aConstruction industry$xManagement. 615 0$aProduction scheduling. 676 $a690.068/5 700 $aMubarak$b Saleh A$g(Saleh Altayeb),$0866827 801 0$bMiAaPQ 801 1$bMiAaPQ 801 2$bMiAaPQ 912 $a9910795804503321 996 $aConstruction project scheduling and control$93694046 997 $aUNINA